U.S. National Parks in California - Statistics

General Stats
  • This quiz has been taken 7 times
  • The average score is 7 of 9
Answer Stats
National Parks % Correct
Channel Islands
100%
Death Valley
100%
Redwood
100%
Sequoia
100%
Yosemite
100%
Joshua Tree
80%
Lassen Volcanic
60%
Kings Canyon
40%
Pinnacles
40%
No matching quizzes found
Score Distribution
Percent of People with Each Score
Percentile by Number Answered
Your Score History
You have not taken this quiz